000 00477cam a2200181ua 4500
001 2023
008 110806n ii |||gr||||Z||||||eng
040 _cMAIN
082 _a370.1
100 _akar, B. C.,
_eAuthor.
245 1 _aEducation :
_ba study of its principles and psychology /
_cby B. C. Kar
250 _a1st.
260 _aGuahati:
_bNew book stall,972.
300 _avi; 384p:
_c23cm.
653 _aEducation
653 _aprinciples and psychology
942 _cBK
999 _c1894
_d1894